000 01182nam a2200337 a 4500
001 72239
003 FlNmELB
005 20241217143351.0
006 m o d |
007 cr cn|||||||||
008 201004r2009 ag |||||s|||||||||||spa d
035 _a(MiAaPQ)EBC3181374
035 _a(Au-PeEL)EBL3181374
035 _a(CaPaEBR)ebr10316266
035 _a(OCoLC)928985241
040 _aFlNmELB
_bspa
_cFlNmELB
050 4 _aNA750
_bP944 2009
080 _a72"18"(72)
082 0 4 _a720/.972
_222
100 1 _aPérez Guzmán, Julio César.
245 1 0 _aArquitectura del siglo XIX en México
_h[recurso electronico] /
_cJulio César Pérez Guzmán.
260 _a[Santa Fe, Argentina] :
_b[El Cid Editor | apuntes],
_c[2009]
300 _a12 p.
533 _aRecurso electrónico. Santa Fe, Arg.: e-libro, 2015. Disponible vía World Wide Web. El acceso puede estar limitado para las bibliotecas afiliadas a e-libro.
650 4 _aArquitectura
_zMéxico
_ySiglo XIX.
650 4 _aArchitecture
_zMexico.
653 _aMexico
655 4 _aLibros electrónicos.
710 2 _ae-libro, Corp.
856 4 0 _uhttps://elibro.net/ereader/politecnicointernacional/28209
999 _c72239
_d72239